THE DIALOGUES OF PLATS (Record no. 582563)

000 -LEADER
fixed length control field 00247nam a22001097a 4500
082 ## - DEWEY DECIMAL CLASSIFICATION NUMBER
Classification number 030 GRE'H
100 ## - MAIN ENTRY--PERSONAL NAME
Personal name JOWETT, B
9 (RLIN) 77264
245 ## - TITLE STATEMENT
Title THE DIALOGUES OF PLATS
250 ## - EDITION STATEMENT
Edition statement 7 VOLUMES
260 ## - PUBLICATION, DISTRIBUTION, ETC.
Place of publication, distribution, etc. CHICAGO
Name of publisher, distributor, etc. WILLIAM BENTON
Date of publication, distribution, etc. 1952
942 ## - ADDED ENTRY ELEMENTS (KOHA)
Koha item type Book
Holdings
Withdrawn status Lost status Damaged status Not for loan Permanent Location Current Location Shelving location Date acquired Total Checkouts Full call number Barcode Date last seen Price effective from Koha item type
        College of Electrical & Mechanical Engineering (CEME) College of Electrical & Mechanical Engineering (CEME) General Stacks 06/06/2017   030 GRE'H CEME17060001 06/28/2021 06/28/2021 Book
        College of Electrical & Mechanical Engineering (CEME) College of Electrical & Mechanical Engineering (CEME)   06/06/2017   030 GRE'H CEME-21780-A 06/28/2021 06/28/2021 Book
© 2023 Central Library, National University of Sciences and Technology. All Rights Reserved.